ბათუმის შოთა რუსთაველის სახელმწიფო უნივერსიტეტის ბიბლიოთეკა

Colonia Ulpia Traiana - Die römische Stadt : (ბიბ.ჩანაწერი № 60718)

000 -LEADER
fixed length control field 00628nam a22001697a 4500
005 - DATE AND TIME OF LATEST TRANSACTION
control field 20231012172933.0
008 - FIXED-LENGTH DATA ELEMENTS--GENERAL INFORMATION
fixed length control field 231012s1986 gw ||||| |||| 00| 0 ger d
041 ## - LANGUAGE CODE
Language code of text/sound track or separate title ger
080 ## - UNIVERSAL DECIMAL CLASSIFICATION NUMBER
Universal Decimal Classification number 902+72 H-49
245 ## - TITLE STATEMENT
Title Colonia Ulpia Traiana - Die römische Stadt :
Remainder of title Planung - Architektur - Ausgrabung /
Statement of responsibility, etc. Heimberg Ursula, Anita Rieche.
264 ## - PRODUCTION, PUBLICATION, DISTRIBUTION, MANUFACTURE, AND COPYRIGHT NOTICE
Place of production, publication, distribution, manufacture Bonn,
Date of production, publication, distribution, manufacture, or copyright notice 1986.
300 ## - PHYSICAL DESCRIPTION
Extent 67 p.:
Other physical details ill.;
Dimensions 23 cm.
653 ## - INDEX TERM--UNCONTROLLED
keyword რომაული ქალაქი
653 ## - INDEX TERM--UNCONTROLLED
keyword დაგეგმვა - არქიტექტურა - გათხრები
700 ## - ADDED ENTRY--PERSONAL NAME
Personal name Rieche, Anita
Relator term ავტორი
9 (RLIN) 20069
942 ## - ADDED ENTRY ELEMENTS (KOHA)
Source of classification or shelving scheme
Koha item type წიგნი
ეგზემპლარები
Withdrawn status Lost status Source of classification or shelving scheme Damaged status Not for loan Permanent Location Current Location Shelving location Date acquired Cost, normal purchase price Full call number Barcode Date last seen Copy number Uniform Resource Identifier Price effective from Koha item type Public note
          ბათუმის შოთა რუსთაველის სახელმწიფო უნივერსიტეტის მთავარი ბიბლიოთეკა ბათუმის შოთა რუსთაველის სახელმწიფო უნივერსიტეტის მთავარი ბიბლიოთეკა წიგნსაცავი 2023-10-12 5.00 902+72 H-49 65235 2023-10-12 65235 ბსუ-ს საპატიო დოქტორის გურამ ლორთქიფანიძის საჩუქარი 2023-10-12 წიგნი 5 ლ.